Geography Quiz

Random Geography or World Quiz

Flags of the World Quiz Stats

 Plays Quiz Updated Feb 13, 2019

     
Support Sporcle.
Go Orange.
Score 0/197 Timer 18:00
503 Plays Today
Country % Correct
Japan
87.3%
Canada
87.3%
United States
86.8%
United Kingdom
86.2%
South Korea
85.4%
Brazil
85.2%
France
84.7%
Germany
84.4%
China
83.8%
Israel
83.7%
Switzerland
83.6%
Australia
83.5%
Italy
83.4%
Sweden
83.3%
Greece
82.8%
Finland
82.3%
Spain
82.2%
Ireland
82.2%
Jamaica
81.4%
Turkey
81%
South Africa
81%
India
80.6%
Norway
80.3%
New Zealand
79.4%
Denmark
79.1%
Argentina
79.1%
Mexico
78.2%
Belgium
78.1%
Poland
78.1%
Russia
77.3%
Saudi Arabia
76.6%
Portugal
76.1%
Iceland
76%
Croatia
75.6%
Cyprus
75.1%
Nepal
74.8%
Netherlands
73.6%
North Korea
73.5%
Ukraine
72.7%
Nigeria
72.6%
Georgia
72.4%
Albania
72.2%
Kenya
72.1%
Czechia
71.9%
Iraq
71.8%
Austria
71.3%
Chile
71.2%
Slovakia
71.2%
North Macedonia
70.9%
Uruguay
70.7%
Estonia
70.6%
Lebanon
70.2%
Egypt
70.2%
Vietnam
70.1%
Romania
69.9%
Pakistan
69.7%
Qatar
69.6%
Vatican City
69%
Iran
68.9%
Cuba
68.9%
Sri Lanka
68.8%
Slovenia
68.6%
Bangladesh
68.2%
Malaysia
67.6%
Latvia
67.1%
Colombia
67.1%
Country % Correct
Serbia
67%
Panama
66.9%
Morocco
66.7%
Hungary
66.2%
Venezuela
65.3%
Thailand
65.2%
Algeria
64.6%
Côte d’Ivoire
64.6%
Barbados
64.5%
Kosovo
64%
Syria
63.9%
Indonesia
63.8%
Bhutan
63.7%
Malta
63.5%
Bosnia Herzegovina
63%
Belarus
62.9%
Cambodia
62.9%
Fiji
62.8%
Peru
62.8%
Bulgaria
62.8%
Tunisia
62%
Angola
61.9%
Honduras
61.7%
Ecuador
61.7%
Monaco
61.6%
Bahrain
61.1%
Afghanistan
61%
Singapore
60.9%
Seychelles
60.8%
Uganda
60.3%
Luxembourg
60.3%
Ghana
60.2%
Trinidad & Tobago
59.6%
Liberia
59.5%
Montenegro
59.4%
Kazakhstan
58.1%
Mongolia
58%
Philippines
58%
Dominican Republic
57.7%
Andorra
57.7%
Armenia
57.6%
Somalia
57.4%
Cameroon
57.2%
UAE
57.2%
Bahamas
57.1%
Laos
56.7%
Moldova
56.5%
Costa Rica
56.4%
San Marino
56.2%
eSwatini
55.8%
Paraguay
55.5%
Liechtenstein
55.4%
Zimbabwe
55.3%
Taiwan
55.1%
Jordan
55.1%
Chad
54.9%
Papua New Guinea
54.9%
Kuwait
54.7%
Niger
54.4%
Turkmenistan
54.3%
Saint Lucia
54.2%
Botswana
54.1%
Ethiopia
54%
Senegal
54%
Brunei
53.4%
Azerbaijan
53.2%
Country % Correct
Lithuania
53.1%
Yemen
52.5%
Haiti
52.5%
Uzbekistan
52.1%
Tonga
51.9%
Guatemala
51.8%
Cen. African Rep.
51.7%
Micronesia
51.7%
Palestine
51.6%
Libya
51.6%
Nicaragua
51.5%
El Salvador
51.4%
Togo
51.2%
Oman
51%
Zambia
50.8%
Lesotho
50.4%
Kyrgyzstan
50.2%
Palau
50.2%
Dominica
50%
Mozambique
50%
Kiribati
50%
Sudan
49.8%
Maldives
49.7%
Marshall Islands
49.5%
Antigua & Barbuda
49%
Tuvalu
48.9%
South Sudan
48.7%
Belize
48.7%
Madagascar
48.5%
Dem. Rep. of the Congo
48.4%
Myanmar
48.4%
Burundi
48.2%
Grenada
48%
Malawi
47.8%
St Vincent-Gren.
47.5%
Cabo Verde
47.4%
Guyana
47%
Samoa
46.5%
Mali
46.4%
Bolivia
46.3%
Burkina Faso
46.3%
Tanzania
46.3%
Benin
45.9%
Mauritania
45.6%
Tajikistan
45.6%
Djibouti
45.4%
Gabon
45.2%
Suriname
45%
Timor-Leste
44.9%
Sierra Leone
44.9%
Mauritius
44.7%
Comoros
44.5%
Eritrea
44.5%
Nauru
43.8%
Rwanda
43.7%
Vanuatu
43.1%
St. Kitts & Nevis
43.1%
Namibia
42.1%
The Gambia
42%
São Tomé-Príncipe
41.7%
Guinea
41.6%
Rep. of Congo
41.5%
Equatorial Guinea
40.9%
Solomon Islands
40.9%
Guinea-Bissau
39.2%

From the Vault

Criteria Wars

by durhamfan

History 7m
And here we thought "bad" would be the only criteria that mattered.
Remove Ads.
Support Sporcle.
Get the best of Sporcle when you Go Orange. This ad-free experience offers more features, more stats, and more fun while also helping to support Sporcle. Thank you for becoming a member.

Show Comments

Extras

Top Quizzes Today


Score Distribution

Your Account Isn't Verified!

In order to create a playlist on Sporcle, you need to verify the email address you used during registration. Go to your Sporcle Settings to finish the process.

Report this User

Report this user for behavior that violates our Community Guidelines.

Details: